Proceedings of the International Conference on Economics, Finance & Business, Prague 2-4 September 2024

Saved in:
Bibliographic Details
Corporate Author: International Conference on Economics, Finance & Business
Format: Book
Language:English
Published: Prague IISES 2024
Edition:1st Edition
Subjects:
Tags: Add Tag
No Tags, Be the first to tag this record!

MARC

LEADER 00000nlm a2200000 4500
001 0304598
005 20241015125440.2
020 |a 978-80-7668-012-8 
022 |a 2336-6044 
041 0 |a eng 
044 |a CZ 
245 1 0 |a Proceedings of the International Conference on Economics, Finance & Business, Prague  |b 2-4 September 2024 
250 |a 1st Edition 
264 1 |a Prague  |b IISES  |c 2024 
300 |a 223 s. 
610 2 0 |a ekonómia 
610 2 0 |a financie 
610 2 0 |a rozvoj hospodársky 
610 2 0 |a podnikanie 
610 2 0 |a obchod 
110 2 |a International Conference on Economics, Finance & Business